Jishin : (Record no. 12203)
[ view plain ]
| 000 -LEADER | |
|---|---|
| fixed length control field | 00589cam a2200181 a 4500 |
| 020 ## - INTERNATIONAL STANDARD BOOK NUMBER | |
| ISBN | 4900737402 |
| 040 ## - CATALOGING SOURCE | |
| Transcribing agency | DLC |
| 082 00 - DEWEY DECIMAL CLASSIFICATION NUMBER | |
| Classification number | 813 YEN 1997 A092 Or. |
| 100 1# - MAIN ENTRY--AUTHOR NAME | |
| Personal name | Riordan, Lee. |
| 245 10 - TITLE STATEMENT | |
| Title | Jishin : |
| Remainder of title | lives shattered, love discovered amid the Great Tokyo Quake / |
| 246 17 - VARYING FORM OF TITLE | |
| Title proper/short title | Great Tokyo Quake |
| 250 ## - EDITION STATEMENT | |
| Edition statement | 1st ed. |
| 260 ## - PUBLICATION, DISTRIBUTION, ETC. (IMPRINT) | |
| Place of publication | [Tokyo, Japan] : |
| Name of publisher | Yenbooks ; |
| Place of publication | Hong Kong : |
| Name of publisher | Periplus Editions ; |
| Place of publication | North Clarendon, VT : |
| Name of publisher | Distributed in the USA by Charles E. Tuttle Co., |
| Year of publication | 1997. |
| 300 ## - PHYSICAL DESCRIPTION | |
| Number of Pages | 278 p. : |
| Other physical details | ill. ; |
| Dimensions | 19 cm. |
| 650 #0 - SUBJECT ADDED ENTRY--TOPICAL TERM | |
| Topical Term | Earthquakes |
| 650 #0 - SUBJECT ADDED ENTRY--TOPICAL TERM | |
| Topical Term | Americans |
| 942 ## - ADDED ENTRY ELEMENTS (KOHA) | |
| Koha item type | សៀវភៅភាសាអង់គ្លេស |
| 952 ## - LOCATION AND ITEM INFORMATION (KOHA) | |
| Withdrawn status [LOCAL, KOHA] | 0 |
| Permanent Location | Date acquired | Koha item type | Lost status | Shelving location | Barcode | Current Location | Full call number |
|---|---|---|---|---|---|---|---|
| Library Block A | 2017-08-11 | សៀវភៅភាសាអង់គ្លេស | A092 | A17960 | Library Block A | 813 YEN 1997 A092 Or. |